000 00662nam a2200241Ia 4500
001 35000
005 20240114001755.0
007 ta
008 070308s1926 g b000 u 465 u
040 _aCotton College Assam
041 _a465
082 _a923.5
_bD 931 Sk
100 _aSykes, Percy .
245 0 _aThe Right Honourable: Sir Mortimer Durand: A Biography /
_cPercy Sykes.
_hTextual Documents
250 _a1st ed. /
260 _aLondon :
_bCassell & Co., Ltd. ,
_c1926.
300 _a355p. ;
_c22cm.
653 _aBiography-Mortimer Durand
653 _aG-Biography
942 _2ddc
_cBK
999 _c34982
_d34982